African philosophy: emancipation and practice (Record no. 1218773)

MARC details
000 -LEADER
fixed length control field 00630nam a2200217Ia 4500
008 - FIXED-LENGTH DATA ELEMENTS--GENERAL INFORMATION
fixed length control field 241004s9999 xx 000 0 und d
020 ## - INTERNATIONAL STANDARD BOOK NUMBER
International Standard Book Number 9781350196506
037 ## - SOURCE OF ACQUISITION
Stock number Textbook
040 ## - CATALOGING SOURCE
Original cataloging agency ARTS
Language of cataloging eng
Transcribing agency ARTS
041 ## - LANGUAGE CODE
Language code of text/sound track or separate title eng
Source of code eng
084 ## - COLON CLASSIFICATION NUMBER
Classification number R86 R2
Assigning agency ARTS
100 ## - MAIN ENTRY--PERSONAL NAME
Personal name Mungwini Pascah Au.
9 (RLIN) 724627
245 ## - TITLE STATEMENT
Title African philosophy: emancipation and practice
Statement of responsibility, etc. Mungwini Pascah Au.
260 ## - PUBLICATION, DISTRIBUTION, ETC.
Place of publication, distribution, etc. UK
Name of publisher, distributor, etc. Bloomsbury
Date of publication, distribution, etc. 2019
300 ## - PHYSICAL DESCRIPTION
Extent 213p.
365 ## - TRADE PRICE
Price type code UKP
Price amount 16.99
490 ## - SERIES STATEMENT
Series statement Bloomsbury introductions to world philosophies
650 ## - SUBJECT ADDED ENTRY--TOPICAL TERM
Topical term or geographic name entry element Philosophy
942 ## - ADDED ENTRY ELEMENTS (KOHA)
Koha item type Textbook
Classification part R86 R2
Holdings
Withdrawn status Lost status Source of classification or shelving scheme Damaged status Not for loan Home library Current library Date acquired Source of acquisition Cost, normal purchase price Inventory number Total Checkouts Full call number Barcode Date last seen Price effective from Koha item type
    Colon Classification (CC)     Arts Library Arts Library 2024-12-06 Govinda Book House 16.99 5622 & 10/01/2023   R86 R2 AL1666831 2024-10-04 2024-10-04 Textbook
Copyright @ Delhi University Library System